Vista normal
Vista MARC
Entrada Materia (personas)
Número de registros utilizados en: 1
001 - CONTROL NUMBER
- control field: 99462
003 - CONTROL NUMBER IDENTIFIER
- control field: Co-BoUCM
005 - DATE AND TIME OF LATEST TRANSACTION
- control field: 20191205153908.0
008 - FIXED-LENGTH DATA ELEMENTS
- fixed length control field: 191205|| aca||aabn | a|a d
040 ## - CATALOGING SOURCE
- Original cataloging agency: Co-BoUCM
- Transcribing agency: Co-BoUCM
100 ## - HEADING--PERSONAL NAME
- Personal name: Christian, Brian
- Dates associated with a name: 1984-
670 ## - SOURCE DATA FOUND
- Source citation: Work cat.: (Co-BoUCM)316330: Christian, Brian 1984-, The most human human, 2012